000 03662nam0a2200505 4500
001 RU\NLR\bibl\747883
005 20260405080604.0
021 _aRU
_b2004-69610
_93430
035 _aRSL-KNO-002498235
035 _a(NLR Aleph) 000737705
090 _a802647
_c802647
100 _a20041110d2004 |||y0rusy50 ca
101 0 _arus
_aeng
_deng
102 _aRU
105 _aa |||||||||
106 _ar
200 1 _aПотоки вторичных нейтронов, образованных во взаимодействиях галактических космических лучей в веществе искусственных спутников Земли и орбитальных космических станций на высотах 400-500 км
_dSecondary neutrons of galactic cosmic ray interactions in the matter of earth satellites and orbital stations at altitudes 400-500 km
_fС.П. Рюмин, Н.М. Соболевский, М.В. Уфимцев
_zeng
210 _aМосква
_cиздательский отдел Института ядерных исследований
_d2004
_gИздат. отдел ИЯИ РАН
215 _a21, [7] л.
_cил.
_d29
225 1 _aПрепринт
_fИн-т ядер. исслед. Рос. акад. наук
_vИЯИ-1124/2004, июль 2004
300 _aАвт. также на англ. яз.: S.P. Ryumin, N.M. Sobolevsky, M.V. Ufimtsev
300 _aТекст парал. на рус. и англ. яз.
320 _aБиблиогр.: с. 21 (10 назв.)
510 1 _aSecondary neutrons of galactic cosmic ray interactions in the matter of earth satellites and orbital stations at altitudes 400-500 km
_zeng
606 1 _aНейтроны вторичные
_xРождение при взаимодействии космических лучей с веществом
_92374030
_3RU\NLR\auth\661416854
606 1 _aКосмические летательные аппараты
_xВлияние космической радиации
_91389459
_3RU\NLR\auth\66583944
610 0 _aТранспорт -- Межпланетные полёты -- Космонавтика -- Оборудование космических летательных аппаратов -- Оборудование для обеспечения жизнедеятельности -- Оборудование для защиты от космической радиации -- Теория. Исследование
610 0 _aпотоки нейтронов - расчёт энергетического спектра
_aпротоны космических лучей
686 _aО663.4-01,0
_2rubbk
686 _aВ386.2
686 _aВ387.2
686 _aО663.4
700 1 _4070
_8rus
_7ca
_aРюмин
_bС.П.
_gСергей Павлович
_3RU\NLR\auth\7727736
_910767
701 1 _4070
_8rus
_7ca
_aСоболевский
_bН. М.
_gНиколай Михайлович
_3RU\NLR\auth\7727741
_910772
701 1 _4070
_8rus
_7ca
_aУфимцев
_bМ.В.
_gМихаил Валентинович
_3RU\NLR\auth\7727739
_910770
790 1 _4070
_8rus
_7ba
_aRjumin
_bS.P.
_gSergej Pavlovič
_3RU\NLR\auth\7727738
_910769
790 1 _4070
_8rus
_7ba
_aSobolevskij
_bN. M.
_gNikolaj Michajlovič
_3RU\NLR\auth\7727742
_910773
790 1 _4070
_8rus
_7ba
_aUfimcev
_bM.V.
_gMichail Valentinovič
_3RU\NLR\auth\7727740
_910771
801 0 _aRU
_bRuMoRKP
_c20041110
_grcr
801 1 _aRU
_bRuMoRGB
_c20041110
801 2 _aRU
_bNLR
_c20050413
_gPSBO
830 _a1-й авт. не раскр.- в ГАК нет, 2-й авт. по ЭК, 3-й авт. по ГАК
942 _cBOOK
980 _aNB